| 000 | 00503nam a2200217Ia 4500 | ||
|---|---|---|---|
| 005 | 20250425161526.0 | ||
| 008 | 250425s9999 xx 000 0 und d | ||
| 020 | _a0124759157 | ||
| 041 | _aeng | ||
| 082 | _a621.366 | ||
| 100 | _aTANG, C. L. | ||
| 245 | 0 | _aQUANTUM ELECTRONICS (PART A) | |
| 250 | _aS.E. | ||
| 260 |
_aEstados Unidos _bACADEMIC PRESS _c1979 |
||
| 260 | _aNEW YORK | ||
| 300 | _a379 | ||
| 650 | _aELECTRONICA CUANTICA | ||
| 650 | _aLASERS | ||
| 942 | _c01 | ||
| 010 | _a22277 | ||
| 999 |
_c210963 _d210963 |
||